000
00443nam a2200181Ia 4500
008
090124s9999 xx 000 0 und d
082
_b
130575
100
_a
अनघा
245
_a
स्वप्नगंधा
250
_a
1
260
_c
1997
300
_a
64
600
_a
अनघा
630
_a
स्वप्नगंधा
700
_a
अनघा
730
_a
स्वप्नगंधा
942
_c
BOOK
999
_c
176664
_d
176664